Military expeditions beyond the seas, (Record no. 552382)
[ view plain ]
| 000 -LEADER | |
|---|---|
| fixed length control field | 00486cam a22001451 4500 |
| 082 ## - DEWEY DECIMAL CLASSIFICATION NUMBER | |
| Classification number | 355.009 |
| Author Mark | FUR |
| 100 1# - MAIN ENTRY--PERSONAL NAME | |
| Personal name | Furse, George Armand, |
| 9 (RLIN) | 49210 |
| 245 10 - TITLE STATEMENT | |
| Title | Military expeditions beyond the seas, |
| Statement of responsibility, etc. | by Col. George Armand Furse. |
| 260 ## - PUBLICATION, DISTRIBUTION, ETC. | |
| Place of publication, distribution, etc. | London, |
| Name of publisher, distributor, etc. | William Clowes & sons, limited, |
| Date of publication, distribution, etc. | 1897. |
| 300 ## - PHYSICAL DESCRIPTION | |
| Extent | 2 v. |
| Other physical details | fold. pl., maps, fold. plans. |
| Dimensions | 22 cm. |
| 526 ## - STUDY PROGRAM INFORMATION NOTE | |
| Program name | 0 |
| Interest level | 0 |
| Reading level | 0 |
| Title point value | 355_009000000000000_FUR |
| 650 #0 - SUBJECT ADDED ENTRY--TOPICAL TERM | |
| Topical term or geographic name entry element | MCE |
| 9 (RLIN) | 379 |
| 650 #0 - SUBJECT ADDED ENTRY--TOPICAL TERM | |
| Topical term or geographic name entry element | Military art and science. |
| 9 (RLIN) | 37914 |
| 942 ## - ADDED ENTRY ELEMENTS (KOHA) | |
| Source of classification or shelving scheme | |
| Koha item type | Book |
| Withdrawn status | Lost status | Source of classification or shelving scheme | Damaged status | Not for loan | Permanent Location | Current Location | Shelving location | Date acquired | Total Checkouts | Full call number | Barcode | Date last seen | Price effective from | Koha item type |
|---|---|---|---|---|---|---|---|---|---|---|---|---|---|---|
| Military College of Engineering (MCE) | Military College of Engineering (MCE) | 01/14/2015 | 355.009 FUR | MCE-M/125 | 01/14/2015 | 01/14/2015 | Book |
